| 000 | 00653nam a2200145Ia 4500 | ||
|---|---|---|---|
| 008 | 240514t2013||||xx |||||||||||||| ||spa|| | ||
| 100 | _aSerrano-Sánchez, Carlos | ||
| 119 |
_bCriminalistica _cRetrato hablado |
||
| 245 | 0 | _aUn sistema automatizado de identificación de rasgos faciales (retrato hablado) para la población mexicana | |
| 260 |
_bCentro Universitario de Investigaciones Bibliotecológicas, UNAM _c2013 |
||
| 538 | _aAcceso vía web | ||
| 650 | _aRetrato hablado | ||
| 650 | 1 | 4 | _aCriminales |
| 856 | _uhttps://ru.iibi.unam.mx/jspui/bitstream/IIBI_UNAM/CL484/1/bibliotecologia_documentacion_internacionalizacion_carlos_serrano_sanchez.pdf | ||
| 999 |
_c174172 _d174172 |
||